Fun je Fun

Bibliographic Details
Main Authors: Šesták, Peter (Author), Humaj, Roman, 1962- (Author)
Format: Book
Language:Slovak
PhysicalDescription:143 s. faks., fotogr. 22 cm
Published: Praha Ottovo nakladatelství 2000
ISBN:8071814067
Edition:1. slov. vyd.
Subjects:

MARC

LEADER 00000cam a2200000 a 4500
001 vtls009690164
003 SK-MaSNL
005 20260302043825.0
008 240318s2000 xr ho g| 010 0 slo
015 |a SNBZSA2014-002320 
020 |a 8071814067  |q (viaz.) 
035 |a (SVKBBclas03)vtls000063747 
035 |a urn:nbn:sk:snk-amk6f4 
035 |a urn:nbn:sk:snk-am003ssz 
035 |a 3A337627-4E7C-4B0A-900B-713ECEABAF4B 
040 |a SNK  |b slo  |c SNK  |e AACR2 
041 0 |a slo 
044 |a xr  |c CZ 
072 7 |a 654  |x Telekomunikácie a diaľkové riadenie  |2 konspekt 
080 |a 654.195.6  |2 2001 
080 |a (437.6)  |2 2001 
080 |a (082.2)  |2 2001 
080 |a (048.8)  |2 2001 
100 1 |a Šesták, Peter,  |4 aut  |9 5050 
245 1 0 |a Fun je Fun  |c Peter Šesták, Roman Humaj 
250 |a 1. slov. vyd. 
260 |a Praha  |b Ottovo nakladatelství  |c 2000 
300 |a 143 s.  |b faks., fotogr.  |c 22 cm 
500 |a Na obale nad názvom: Fun je fun 
610 1 7 |a Fun Radio (Bratislava, Slovensko)  |9 698527 
650 0 7 |a rozhlasové vysielanie  |2 SNK  |9 19400 
650 0 7 |a Radio broadcasting  |2 SNK  |9 266921 
655 7 |a jubilejné publikácie  |2 SNK  |9 70339 
655 7 |a Jubilee books  |2 SNK  |9 281827 
655 7 |a Monographs  |2 SNK  |9 120675 
655 7 |a monografie  |2 SNK  |9 70139 
700 1 |a Humaj, Roman,  |d 1962-  |4 aut  |9 8475 
919 |a 80-7181-406-7 
958 |a ZS 
958 |a SK 
958 |a CZ 
999 |c 1088017  |d 1089947 
952 |a SNK  |b SNK  |y VYP  |7 0  |p 17A0810454  |o snkSC 160185 D1  |i snk2014/17427  |8 1  |0 0  |1 0  |4 0  |d 2014-08-20  |l 0  |r 2026-02-24 16:47:50  |w 2026-02-24 
952 |a SNK  |b SNK  |y PREZ  |7 0  |p 17A1028900  |o snkSC 160185  |i snk2014/14855  |8 1  |0 0  |1 0  |4 0  |d 2014-06-30  |f 1  |l 0  |r 2025-08-22 00:00:00  |w 2026-02-24